[Event "Sentjur Ipavec Memorial 13th"]
[Site "Sentjur"]
[Date "2013.09.18"]
[Round "9"]
[White "Nikic, Saso"]
[Black "Cretnik, Urban"]
[Result "0-1"]
[WhiteElo "1759"]
[BlackElo "1924"]
[PlyCount "102"]
[EventDate "2013.09.11"]
[EventType "swiss"]
[EventRounds "9"]
[EventCountry "SLO"]
[SourceTitle "EXT 2015"]
[Source "ChessBase"]
[SourceDate "2014.11.20"]
[SourceVersion "1"]
[SourceVersionDate "2014.11.20"]
[SourceQuality "1"]

1. e4 e5 2. Nf3 Nc6 3. Bb5 f5 4. d3 fxe4 5. dxe4 Nf6 6. Bg5 Bc5 7. 0-0 d6 8. Nc3 0-0 9. Nd5 Be6 10. Bc4 Kh8 11. Nxf6 gxf6 12. Bxe6 fxg5 13. Qd2 Qf6 14. Bd5 h6 15. c3 Rab8 16. b4 Bb6 17. a4 a6 18. Ra2 g4 19. Ne1 Ne7 20. Qe2 Nxd5 21. exd5 Qg5 22. c4 Rf5 23. Qd3 Rbf8 24. Rc2 Bd4 25. Qe4 Rf4 26. Qd3 h5 27. g3 R4f5 28. Qe4 h4 29. c5 Qf6 30. Nd3 hxg3 31. hxg3 Rf3 32. Kg2 Qf5 33. Qxf5 R8xf5 34. cxd6 cxd6 35. Ne1 Rb3 36. Rh1+ Kg7 37. Rh4 Rxb4 38. Rxg4+ Kf6 39. Nd3 Rb3 40. Rc8 Rg5 41. Rf8+ Ke7 42. Rxg5 Kxf8 43. Rf5+ Kg7 44. Ne1 Ra3 45. Rf3 Rxa4 46. Rb3 b5 47. f3 b4 48. g4 Ra2+ 49. Kh3 a5 50. Nd3 Bc3 51. Nc1 Ra1 0-1

[Event "Sentjur Ipavec Memorial 13th"]
[Site "Sentjur"]
[Date "2013.09.11"]
[Round "1"]
[White "Nikic, Saso"]
[Black "Debevec, Blaz"]
[Result "0-1"]
[WhiteElo "1759"]
[BlackElo "2113"]
[PlyCount "112"]
[EventDate "2013.09.11"]
[EventType "swiss"]
[EventRounds "9"]
[EventCountry "SLO"]
[SourceTitle "EXT 2015"]
[Source "ChessBase"]
[SourceDate "2014.11.20"]
[SourceVersion "1"]
[SourceVersionDate "2014.11.20"]
[SourceQuality "1"]

1. e4 c5 2. d4 cxd4 3. c3 d5 4. exd5 Qxd5 5. cxd4 Nc6 6. Nf3 e5 7. dxe5 Qxd1+ 8. Kxd1 Bg4 9. Bb5 0-0-0+ 10. Ke1 Nxe5 11. Be2 Bxf3 12. Bxf3 Bb4+ 13. Ke2 Nf6 14. Be3 Nxf3 15. Kxf3 Nd5 16. a3 Nxe3 17. axb4 Nd5 18. Rxa7 Kb8 19. Ra3 Nxb4 20. Re3 Nc2 21. Re7 Nd4+ 22. Ke4 Ne6 23. f4 Rhe8 24. Rxe8 Rxe8 25. Nc3 Nc5+ 26. Kf3 Re6 27. Rd1 Rb6 28. Rd5 Ne6 29. Rd2 Rb4 30. g3 h6 31. Ke3 g5 32. Nd5 gxf4+ 33. Nxf4 Nxf4 34. gxf4 Kc7 35. Kf3 f5 36. Kg3 Kc6 37. Kh4 Rxf4+ 38. Kh5 Rg4 39. Kxh6 f4 40. Kh5 Rg8 41. h4 f3 42. Rf2 Rg3 43. Rd2 Rg2 44. Rd3 f2 45. Rf3 Kd5 46. Kh6 Ke4 47. Rf8 Ke3 48. Re8+ Kd2 49. Rf8 Ke1 50. Re8+ Kf1 51. h5 Kg1 52. Rf8 f1Q 53. Rxf1+ Kxf1 54. Kh7 Rxb2 55. h6 Rh2 56. Kg7 b5 0-1

[Event "Graz op 20th"]
[Site "Graz"]
[Date "2013.08.31"]
[Round "8"]
[White "Nikic, Saso"]
[Black "Wiedner, Robert"]
[Result "0-1"]
[WhiteElo "1759"]
[BlackElo "2152"]
[PlyCount "130"]
[EventDate "2013.08.24"]
[EventType "swiss"]
[EventRounds "9"]
[EventCountry "AUT"]
[SourceTitle "CBM 156 Extra"]
[Source "ChessBase"]
[SourceDate "2013.10.22"]
[SourceVersion "1"]
[SourceVersionDate "2013.10.22"]
[SourceQuality "1"]

1. e4 c5 2. d4 cxd4 3. c3 Nf6 4. e5 Nd5 5. Nf3 e6 6. Bc4 Nb6 7. Bb3 d6 8. cxd4 Nc6 9. 0-0 dxe5 10. dxe5 Qxd1 11. Rxd1 Be7 12. Nc3 0-0 13. Bf4 h6 14. a3 a6 15. Rd3 Nd7 16. Re3 Bc5 17. Ree1 Nd4 18. Nxd4 Bxd4 19. Rad1 Ba7 20. Ne4 Nc5 21. Nxc5 Bxc5 22. Be3 Bxe3 23. Rxe3 b5 24. Rc3 Ra7 25. Rdc1 Bd7 26. Rc7 Rxc7 27. Rxc7 Bc8 28. Kf1 Rd8 29. Ke2 Kf8 30. Bc2 Bd7 31. Be4 a5 32. Ra7 a4 33. Rc7 Ke8 34. f4 Rb8 35. Kd2 Kd8 36. Rc5 b4 37. Bc2 bxa3 38. bxa3 Rb2 39. Kc1 Rb7 40. Kd2 Rb2 41. Kc1 Rb7 42. g3 Rc7 43. Ra5 Rc3 44. Kb2 Rf3 45. Bxa4 Bxa4 46. Rxa4 g5 47. Rc4 Re3 48. a4 gxf4 49. gxf4 Re2+ 50. Kb3 Rxh2 51. a5 Rh3+ 52. Kb2 Rd3 53. a6 Rd7 54. Kc2 Rc7 55. Rxc7 Kxc7 56. Kd3 Kb6 57. Ke3 Kxa6 58. Kf3 Kb6 59. Kg4 Kc6 60. Kh5 Kd5 61. Kxh6 Ke4 62. Kg5 Kf3 63. f5 Ke4 64. fxe6 fxe6 65. Kf6 Kd5 0-1

[Event "SLO-ch U20"]
[Site "Kope"]
[Date "2013.07.13"]
[Round "1"]
[White "Amon, Jan"]
[Black "Nikic, Saso"]
[Result "0-1"]
[WhiteElo "1366"]
[BlackElo "1743"]
[PlyCount "66"]
[EventDate "2013.07.13"]
[EventType "swiss"]
[EventRounds "7"]
[EventCountry "SLO"]
[SourceTitle "EXT 2024"]
[Source "ChessBase"]
[SourceDate "2023.10.10"]
[SourceVersion "1"]
[SourceVersionDate "2023.10.10"]
[SourceQuality "1"]

1. e4 c5 2. Nf3 e6 3. d4 cxd4 4. Nxd4 Nf6 5. Nc3 Nc6 6. Nxc6 bxc6 7. e5 Nd5 8. Ne4 Qc7 9. Nd6+ Bxd6 10. exd6 Qxd6 11. Be2 Qc7 12. c4 Nf6 13. 0-0 d5 14. Bg5 Ne4 15. Be3 0-0 16. Rc1 Qb7 17. b3 Bd7 18. Bf4 Rac8 19. Bf3 Nf6 20. Be5 Ne8 21. Bd4 f6 22. Re1 Nc7 23. Bc5 Rfe8 24. Bh5 g6 25. Bf3 Na6 26. Ba3 Rcd8 27. Bb2 Kg7 28. Qd4 e5 29. Qd2 d4 30. Be2 Nc5 31. a3 Nxb3 32. Qd1 Nxc1 33. Qxc1 Bf5 0-1

[Event "SLO-chT U16"]
[Site "Rogla"]
[Date "2013.05.10"]
[Round "1"]
[White "Nikic, Saso"]
[Black "Bratkovic, Sham"]
[Result "1/2-1/2"]
[WhiteElo "1743"]
[BlackElo "1964"]
[PlyCount "72"]
[EventDate "2013.05.10"]
[EventType "team-swiss"]
[EventRounds "6"]
[EventCountry "SLO"]
[SourceTitle "EXT 2015"]
[Source "ChessBase"]
[SourceDate "2014.11.20"]
[SourceVersion "1"]
[SourceVersionDate "2014.11.20"]
[SourceQuality "1"]

1. e4 e5 2. Nf3 Nc6 3. Bb5 Nge7 4. Nc3 Ng6 5. h4 Nd4 6. h5 Nf4 7. g3 Nxf3+ 8. Qxf3 Ne6 9. Bc4 Bc5 10. d3 d6 11. Be3 Bb6 12. h6 g6 13. Nd5 f5 14. exf5 Rf8 15. g4 Bxe3 16. Nxe3 Nd4 17. Qh3 Qg5 18. c3 Nc6 19. fxg6 Qxg6 20. Qh5 Ne7 21. Qxg6+ Nxg6 22. Nd5 Kd8 23. g5 Bf5 24. Nf6 Nf4 25. Kd2 Nh3 26. Nxh7 Rh8 27. Rxh3 Bxh3 28. g6 Ke7 29. g7 Rxh7 30. g8Q Rxg8 31. Bxg8 Rxh6 32. Rh1 c6 33. Bb3 Rh7 34. Bd1 Bf5 35. Rxh7+ Bxh7 36. Bg4 c5 1/2-1/2

[Event "Wch U12"]
[Site "Maribor"]
[Date "2012.11.17"]
[Round "10.49"]
[White "Batashevs, Arsens"]
[Black "Nikic, Saso"]
[Result "1-0"]
[WhiteElo "1829"]
[BlackElo "1754"]
[PlyCount "57"]
[EventDate "2012.11.08"]
[EventType "swiss"]
[EventRounds "11"]
[EventCountry "SLO"]
[SourceTitle "EXT 2013"]
[Source "ChessBase"]
[SourceDate "2012.11.22"]
[SourceVersion "1"]
[SourceVersionDate "2012.11.22"]
[SourceQuality "1"]

1. Nf3 g6 2. b3 Bg7 3. d4 d6 4. Bb2 Nf6 5. Nc3 Nbd7 6. e4 0-0 7. Qe2 c5 8. 0-0-0 a6 9. a4 Qa5 10. e5 dxe5 11. dxe5 Ng4 12. Nd5 Qd8 13. e6 Bxb2+ 14. Kxb2 fxe6 15. Qxe6+ Kh8 16. Qxg4 Nb6 17. Qe4 Nxd5 18. Rxd5 Qc7 19. Qe5+ Qxe5+ 20. Rxe5 Bg4 21. Ng5 Rxf2 22. Rxe7 Rd8 23. Rxh7+ Kg8 24. Bc4+ Kf8 25. Rh8+ Ke7 26. Re1+ Kd7 27. Be6+ Bxe6 28. Rd1+ Kc7 29. Nxe6+ 1-0

[Event "Wch U12"]
[Site "Maribor"]
[Date "2012.11.10"]
[Round "3.36"]
[White "Nikic, Saso"]
[Black "Martirosyan, Haik M"]
[Result "0-1"]
[WhiteElo "1754"]
[BlackElo "2086"]
[PlyCount "120"]
[EventDate "2012.11.08"]
[EventType "swiss"]
[EventRounds "11"]
[EventCountry "SLO"]
[SourceTitle "EXT 2013"]
[Source "ChessBase"]
[SourceDate "2012.11.22"]
[SourceVersion "1"]
[SourceVersionDate "2012.11.22"]
[SourceQuality "1"]

1. e4 c6 2. d4 d5 3. exd5 cxd5 4. Bd3 Nc6 5. c3 Qc7 6. h3 Nf6 7. Nf3 g6 8. 0-0 Bg7 9. Re1 0-0 10. Bg5 Bf5 11. Bxf5 gxf5 12. Nbd2 Ne4 13. Nxe4 fxe4 14. Nd2 e6 15. Nf1 f5 16. Qd2 f4 17. g3 fxg3 18. Nxg3 Qf7 19. Be3 Ne7 20. Qe2 Ng6 21. Qg4 Rae8 22. Rf1 Qf6 23. Nh5 Qf3 24. Qxf3 Rxf3 25. Kh2 Ref8 26. Rg1 Bf6 27. Nxf6+ R8xf6 28. Rg5 Kf7 29. Rag1 R6f5 30. R5g3 Rxg3 31. Kxg3 Rf3+ 32. Kh2 Kf6 33. Rg5 Rxf2+ 34. Bxf2 Kxg5 35. Kg3 Kf5 36. Be3 h5 37. h4 Nf8 38. b3 b5 39. Bh6 Nd7 40. Bg5 a6 41. Be7 e5 42. Bg5 exd4 43. cxd4 Nf6 44. Bf4 Ng4 45. Bg5 e3 46. Kf3 e2 47. Kxe2 Ke4 48. Kd2 Kxd4 49. Bf4 Ke4 50. Bg5 d4 51. Be7 Nh2 52. Bd8 Nf3+ 53. Kd1 Kd3 54. Be7 Ng1 55. Bg5 Ne2 56. a3 Nc3+ 57. Kc1 Nd5 58. Bd2 Ne3 59. Bb4 Ke2 60. Bd2 Nf1 0-1

[Event "Wch U12"]
[Site "Maribor"]
[Date "2012.11.08"]
[Round "1.7"]
[White "Tran, Minh Thang"]
[Black "Nikic, Saso"]
[Result "1-0"]
[WhiteElo "2110"]
[BlackElo "1728"]
[PlyCount "61"]
[EventDate "2012.11.08"]
[EventType "swiss"]
[EventRounds "11"]
[EventCountry "SLO"]
[SourceTitle "EXT 2013"]
[Source "ChessBase"]
[SourceDate "2012.11.22"]
[SourceVersion "1"]
[SourceVersionDate "2012.11.22"]
[SourceQuality "1"]

1. d4 Nf6 2. Bf4 g6 3. Nf3 Bg7 4. Nc3 0-0 5. e4 d6 6. Qd2 c6 7. Bh6 b5 8. a3 a5 9. Bxg7 Kxg7 10. Be2 Nbd7 11. 0-0 Nb6 12. e5 dxe5 13. Nxe5 Qc7 14. Bf3 Nbd5 15. Rfc1 Bb7 16. Bxd5 Nxd5 17. Nxd5 cxd5 18. Nd3 e6 19. Nc5 Bc6 20. g3 Qb6 21. b4 a4 22. Rf1 Qd8 23. Rae1 Qd6 24. f4 h5 25. Re5 Ra7 26. Rfe1 Rh8 27. Qe3 Re7 28. f5 gxf5 29. Qg5+ Kf8 30. Qf6 Rh7 31. Rxe6 1-0

[Event "Graz op-A 19th"]
[Site "Graz"]
[Date "2012.09.02"]
[Round "9"]
[White "Cojhter, Karl"]
[Black "Nikic, Saso"]
[Result "1-0"]
[WhiteElo "2075"]
[BlackElo "1691"]
[PlyCount "65"]
[EventDate "2012.08.25"]
[EventType "swiss"]
[EventRounds "9"]
[EventCountry "AUT"]
[SourceTitle "CBM 150 Extra"]
[Source "ChessBase"]
[SourceDate "2012.10.19"]
[SourceVersion "1"]
[SourceVersionDate "2012.10.19"]
[SourceQuality "1"]

1. e4 e5 2. Nf3 Nc6 3. d4 exd4 4. Nxd4 Bc5 5. Nxc6 Qf6 6. Qf3 dxc6 7. Nd2 Be6 8. Bd3 Bd4 9. 0-0 Qh4 10. Qg3 Qxg3 11. hxg3 Nf6 12. Nf3 Bb6 13. Bd2 0-0-0 14. Bc3 Rhe8 15. a4 Ng4 16. a5 Bxf2+ 17. Rxf2 Nxf2 18. Kxf2 g6 19. a6 b6 20. Ng5 h6 21. Nxe6 Rxe6 22. g4 c5 23. Kf3 Rde8 24. b3 Rd8 25. Rh1 g5 26. e5 Kb8 27. Bc4 Rg6 28. Ke4 Rf8 29. Kf5 Kc8 30. Bxf7 Rg7 31. e6 Rgxf7+ 32. exf7 Rxf7+ 33. Bf6 1-0

[Event "Graz op-A 19th"]
[Site "Graz"]
[Date "2012.08.28"]
[Round "4"]
[White "Nikic, Saso"]
[Black "Bornet, Rene"]
[Result "1-0"]
[WhiteElo "1691"]
[BlackElo "2030"]
[PlyCount "63"]
[EventDate "2012.08.25"]
[EventType "swiss"]
[EventRounds "9"]
[EventCountry "AUT"]
[SourceTitle "CBM 150 Extra"]
[Source "ChessBase"]
[SourceDate "2012.10.19"]
[SourceVersion "1"]
[SourceVersionDate "2012.10.19"]
[SourceQuality "1"]

1. e4 c6 2. d4 d5 3. e5 c5 4. dxc5 e6 5. Be3 Nc6 6. Nf3 Qc7 7. Bb5 Nge7 8. 0-0 Ng6 9. Bd4 Bd7 10. Bxc6 Bxc6 11. Nbd2 Bb5 12. Re1 Bxc5 13. Bxc5 Qxc5 14. Nb3 Qc7 15. Nbd4 Ba6 16. g3 0-0 17. h4 h6 18. h5 Ne7 19. g4 Nc6 20. Qd2 Nxd4 21. Nxd4 Qe7 22. f4 Qh4 23. Qg2 Rac8 24. Re3 Rc4 25. c3 Kh8 26. Rh3 Qe7 27. g5 Rcc8 28. Kh1 hxg5 29. fxg5 f5 30. g6 Qe8 31. h6 Rg8 32. Qg5 1-0

[Event "EU Union-ch U12 10th"]
[Site "Mureck"]
[Date "2012.08.08"]
[Round "8"]
[White "Busuioc, Alexandra"]
[Black "Nikic, Saso"]
[Result "0-1"]
[WhiteElo "1556"]
[BlackElo "1691"]
[PlyCount "124"]
[EventDate "2012.08.01"]
[EventType "swiss"]
[EventRounds "9"]
[EventCountry "AUT"]
[SourceTitle "EXT 2013"]
[Source "ChessBase"]
[SourceDate "2012.11.22"]
[SourceVersion "1"]
[SourceVersionDate "2012.11.22"]
[SourceQuality "1"]

1. e4 c5 2. Nf3 e6 3. Nc3 Nc6 4. Bc4 Nf6 5. 0-0 g6 6. d4 cxd4 7. Nxd4 Bg7 8. Be3 0-0 9. Qd2 Na5 10. Be2 d5 11. exd5 Nxd5 12. Nxd5 Qxd5 13. c3 Nc4 14. Bxc4 Qxc4 15. Bh6 b6 16. Bxg7 Kxg7 17. Qe3 Bb7 18. Qe5+ Kg8 19. Rfe1 Rad8 20. Re3 Rd5 21. Qf6 Rh5 22. Rg3 Qd5 23. Nf3 Rd8 24. h3 e5 25. Re1 Rd6 26. Qe7 Re6 27. Qc7 Re8 28. c4 Qc6 29. Qxc6 Bxc6 30. b3 Rf5 31. Nd2 Rf6 32. Ne4 Rfe6 33. Rge3 f5 34. Ng5 R6e7 35. Nf3 Bxf3 36. Rxf3 e4 37. Rfe3 Kf7 38. Kf1 f4 39. Rc3 Kf6 40. c5 bxc5 41. Rxc5 Re5 42. Rc6+ Kf5 43. Rc7 R8e7 44. Rec1 e3 45. fxe3 fxe3 46. Ke2 Kf4 47. R1c4+ Kf5 48. g4+ Kg5 49. R7c5 Rxc5 50. Rxc5+ Kh4 51. Rc3 Kxh3 52. Rxe3+ Rxe3+ 53. Kxe3 Kxg4 54. b4 h5 55. b5 Kf5 56. a4 Ke5 57. a5 Kd5 58. b6 axb6 59. axb6 Kc6 60. Kf4 Kxb6 61. Kg5 Kc6 62. Kh4 Kd5 0-1

[Event "EU Union-ch U12 10th"]
[Site "Mureck"]
[Date "2012.08.07"]
[Round "7"]
[White "Nikic, Saso"]
[Black "Mesaros, Sebastian"]
[Result "1/2-1/2"]
[WhiteElo "1691"]
[BlackElo "1776"]
[PlyCount "58"]
[EventDate "2012.08.01"]
[EventType "swiss"]
[EventRounds "9"]
[EventCountry "AUT"]
[SourceTitle "EXT 2013"]
[Source "ChessBase"]
[SourceDate "2012.11.22"]
[SourceVersion "1"]
[SourceVersionDate "2012.11.22"]
[SourceQuality "1"]

1. e4 c6 2. Nc3 d5 3. Nf3 Bg4 4. h3 Bxf3 5. Qxf3 e6 6. exd5 cxd5 7. d4 Nc6 8. Bb5 Qb6 9. Qd3 Nf6 10. 0-0 Be7 11. Bf4 0-0 12. Bxc6 bxc6 13. b3 Nd7 14. Rad1 c5 15. Na4 Qc6 16. dxc5 Nxc5 17. Nxc5 Qxc5 18. c4 dxc4 19. Qxc4 Qxc4 20. bxc4 Rfd8 21. Rxd8+ Rxd8 22. Be3 Rc8 23. Rc1 Bc5 24. Bxc5 Rxc5 25. Kf1 Kf8 26. Ke2 Ke7 27. Kd3 Kd6 28. Rb1 Rc7 29. Rb5 Kc6 1/2-1/2

[Event "EU Union-ch U12 10th"]
[Site "Mureck"]
[Date "2012.08.06"]
[Round "6"]
[White "Nikic, Saso"]
[Black "Morvay, Eszter"]
[Result "1/2-1/2"]
[WhiteElo "1691"]
[BlackElo "1572"]
[PlyCount "57"]
[EventDate "2012.08.01"]
[EventType "swiss"]
[EventRounds "9"]
[EventCountry "AUT"]
[SourceTitle "EXT 2013"]
[Source "ChessBase"]
[SourceDate "2012.11.22"]
[SourceVersion "1"]
[SourceVersionDate "2012.11.22"]
[SourceQuality "1"]

1. e4 c5 2. Nf3 Nc6 3. d4 cxd4 4. Nxd4 Nf6 5. Nc3 e5 6. Ndb5 d6 7. Bg5 a6 8. Na3 b5 9. Nd5 Be7 10. Bxf6 Bxf6 11. c3 Bb7 12. Nc2 Bg5 13. a4 bxa4 14. Rxa4 0-0 15. Bd3 Ne7 16. Bc4 Bc6 17. Rxa6 Rxa6 18. Bxa6 Bxd5 19. exd5 Qb6 20. Nb4 Ra8 21. Qe2 Nxd5 22. Nxd5 Qxa6 23. Qxa6 Rxa6 24. Ke2 f5 25. Nb4 Rb6 26. Rd1 Kf7 27. Kd3 Ke6 28. Kc4 Be7 29. Rd5 1/2-1/2

[Event "EU Union-ch U12 10th"]
[Site "Mureck"]
[Date "2012.08.05"]
[Round "5"]
[White "Schloffer, Jasmin Denise"]
[Black "Nikic, Saso"]
[Result "0-1"]
[WhiteElo "1480"]
[BlackElo "1691"]
[PlyCount "150"]
[EventDate "2012.08.01"]
[EventType "swiss"]
[EventRounds "9"]
[EventCountry "AUT"]
[SourceTitle "EXT 2013"]
[Source "ChessBase"]
[SourceDate "2012.11.22"]
[SourceVersion "1"]
[SourceVersionDate "2012.11.22"]
[SourceQuality "1"]

1. d4 Nf6 2. c4 g6 3. Nc3 Bg7 4. e4 d6 5. f3 Nbd7 6. Be3 c6 7. Nge2 a6 8. g3 b5 9. cxb5 axb5 10. a3 Nb6 11. b3 Bd7 12. Bg2 Qc7 13. 0-0 0-0 14. Qd2 c5 15. Rfc1 Rfc8 16. Kh1 c4 17. b4 Na4 18. Ra2 e6 19. Kg1 Ra6 20. Nxa4 Rxa4 21. Nc3 Ra6 22. Kh1 Rca8 23. Rca1 Bc6 24. Kg1 d5 25. e5 Nd7 26. f4 Qa7 27. Bf2 h5 28. Be3 Nb6 29. Qf2 Na4 30. Bd2 Bf8 31. Nxa4 Rxa4 32. Bc3 Qb7 33. Bh3 R8a7 34. Qe2 Qa8 35. Qb2 Be7 36. Kf2 Bd7 37. Kg1 Kg7 38. Bd2 Qd8 39. Qc1 Qb6 40. Qb2 f6 41. Bc3 f5 42. Bg2 h4 43. Kf2 Qd8 44. Bf3 g5 45. Rg1 g4 46. Be2 Qh8 47. Bd2 Qh7 48. Bc3 Ra8 49. Bd2 Rh8 50. Raa1 hxg3+ 51. hxg3 Qh3 52. Bf1 Qh2+ 53. Rg2 Qh5 54. Bc3 Rha8 55. Ra2 Qe8 56. Be2 Qc8 57. Rg1 Qa6 58. Rga1 Rh8 59. Rg1 Rh2+ 60. Rg2 Rh3 61. Bf1 Rh8 62. Kg1 Ra8 63. Rh2 Rxa3 64. Rxa3 Qxa3 65. Qd2 Ra4 66. Rh5 Be8 67. Rh1 Bxb4 68. Qh2 Bg6 69. Qh6+ Kf7 70. Qh8 Be7 71. Be1 b4 72. Rh6 Ra8 73. Rh7+ Bxh7 74. Qxh7+ Ke8 75. Qg6+ Kd7 0-1

[Event "SRB Central-ch op-B 5th"]
[Site "Paracin"]
[Date "2012.07.07"]
[Round "3"]
[White "Nikic, Saso"]
[Black "Dragojevic, Dragan"]
[Result "1/2-1/2"]
[WhiteElo "1683"]
[BlackElo "1968"]
[PlyCount "74"]
[EventDate "2012.07.06"]
[EventType "swiss"]
[EventRounds "9"]
[EventCountry "SRB"]
[SourceTitle "CBM 149 Extra"]
[Source "ChessBase"]
[SourceDate "2012.08.24"]
[SourceVersion "1"]
[SourceVersionDate "2012.08.24"]
[SourceQuality "1"]

1. e4 e5 2. Nf3 Nc6 3. Bb5 a6 4. Bxc6 dxc6 5. 0-0 f6 6. d4 Bg4 7. dxe5 Qxd1 8. Rxd1 Bxf3 9. gxf3 fxe5 10. f4 Nf6 11. f3 Bd6 12. fxe5 Bxe5 13. c3 Nh5 14. Be3 0-0 15. Nd2 Bd6 16. Rf1 b5 17. Nb3 Rae8 18. Na5 Rf6 19. Rf2 Ref8 20. Raf1 Nf4 21. Bxf4 Rxf4 22. Nxc6 R8f6 23. Nd4 Rh4 24. Nf5 Rxf5 25. exf5 Bc5 26. Kg2 Bxf2 27. Rxf2 Rf4 28. Rd2 Rxf5 29. Rd8+ Rf8 30. Rd7 c5 31. Ra7 Rf6 32. Kf2 h6 33. b3 Kh7 34. Rc7 Rd6 35. Ke3 Re6+ 36. Kf2 Rd6 37. Ke3 Re6+ 1/2-1/2

[Event "SLO-ch U20"]
[Site "Kamnik"]
[Date "2012.06.26"]
[Round "6"]
[White "Nikic, Saso"]
[Black "Bratkovic, Sham"]
[Result "0-1"]
[WhiteElo "1543"]
[BlackElo "1886"]
[PlyCount "48"]
[EventDate "2012.06.23"]
[EventType "swiss"]
[EventRounds "7"]
[EventCountry "SLO"]
[SourceTitle "EXT 2019"]
[Source "ChessBase"]
[SourceDate "2018.10.10"]
[SourceVersion "1"]
[SourceVersionDate "2018.10.10"]
[SourceQuality "1"]

1. e4 c5 2. d4 cxd4 3. c3 Nf6 4. e5 Nd5 5. Nf3 e6 6. cxd4 d6 7. Bc4 Nc6 8. 0-0 Be7 9. Nc3 Nxc3 10. bxc3 dxe5 11. dxe5 Qa5 12. Qe1 b6 13. Bf4 Ba6 14. Bxa6 Qxa6 15. Qe4 Rc8 16. Rfd1 h6 17. Nd4 Qc4 18. Qf3 0-0 19. Rd3 Nxd4 20. cxd4 Rfd8 21. Rad1 Qxa2 22. Qh5 Qc2 23. Bxh6 gxh6 24. Qxh6 Rc3 0-1

[Event "SLO-ch qual"]
[Site "Ptuj"]
[Date "2012.06.01"]
[Round "7"]
[White "Nikic, Saso"]
[Black "Podkriznik, Aleksander"]
[Result "1-0"]
[WhiteElo "1543"]
[BlackElo "1799"]
[PlyCount "103"]
[EventDate "2012.05.24"]
[EventType "swiss"]
[EventRounds "9"]
[EventCountry "SLO"]
[SourceTitle "EXT 2019"]
[Source "ChessBase"]
[SourceDate "2018.10.10"]
[SourceVersion "1"]
[SourceVersionDate "2018.10.10"]
[SourceQuality "1"]

1. e4 c5 2. d4 cxd4 3. c3 dxc3 4. Nxc3 Nc6 5. Nf3 d6 6. Bc4 e6 7. 0-0 Be7 8. Qe2 a6 9. Rd1 Na5 10. Bf4 Qc7 11. Bd3 Bd7 12. Rac1 Qb8 13. e5 d5 14. Qd2 Qd8 15. Qc2 Rc8 16. Bxh7 b5 17. a3 g5 18. Be3 Nc4 19. Bxg8 Nxe3 20. fxe3 Rxg8 21. Qh7 Rg6 22. Kh1 Bf8 23. e4 Rh6 24. Qg8 Rg6 25. Qh7 Bg7 26. exd5 exd5 27. Rxd5 Kf8 28. Rcd1 Rh6 29. Qd3 g4 30. Rxd7 Qb6 31. Ng5 Bxe5 32. h3 gxh3 33. Nxh3 Kg7 34. Qf5 Bf6 35. Rxf7+ Kxf7 36. Qxc8 Rh8 37. Qd7+ Kf8 38. Qd6+ Qxd6 39. Rxd6 Kg7 40. Rxa6 Re8 41. Kg1 Bh4 42. Nxb5 Bg3 43. Kh1 Re1+ 44. Ng1 Bf2 45. a4 Bxg1 46. b3 Bf2+ 47. Kh2 Re4 48. g3 Rb4 49. Kg2 Be3 50. Nd6 Bd2 51. Nc4 Bc3 52. Rb6 1-0

[Event "Sentjur Ipavec Memorial-A 12th"]
[Site "Sentjur"]
[Date "2011.09.17"]
[Round "5"]
[White "Laposi, Andrej"]
[Black "Nikic, Saso"]
[Result "1-0"]
[WhiteElo "1805"]
[BlackElo "1572"]
[PlyCount "51"]
[EventDate "2011.09.14"]
[EventType "swiss"]
[EventRounds "9"]
[EventCountry "SLO"]
[SourceTitle "CBM 144 Extra"]
[Source "ChessBase"]
[SourceDate "2011.10.28"]
[SourceVersion "1"]
[SourceVersionDate "2011.10.28"]
[SourceQuality "1"]

1. e4 e5 2. Nf3 Nc6 3. Bc4 Be7 4. d4 d6 5. c3 Nf6 6. Nbd2 0-0 7. 0-0 h6 8. Re1 Nh7 9. Qc2 Bg5 10. Nxg5 Nxg5 11. Nf1 exd4 12. cxd4 Nxd4 13. Qc3 Nc6 14. f4 Ne6 15. Qg3 Ned4 16. Ne3 Re8 17. Bd3 b6 18. f5 Nb4 19. Bb1 Bb7 20. a3 Nb3 21. axb4 Nxa1 22. Ng4 Kh7 23. f6 Nb3 24. Qxb3 h5 25. Qxf7 Rg8 26. Qxh5# 1-0

[Event "Sentjur Ipavec Memorial-A 12th"]
[Site "Sentjur"]
[Date "2011.09.14"]
[Round "1"]
[White "Nikic, Saso"]
[Black "Debevec, Blaz"]
[Result "0-1"]
[WhiteElo "1572"]
[BlackElo "2084"]
[PlyCount "69"]
[EventDate "2011.09.14"]
[EventType "swiss"]
[EventRounds "9"]
[EventCountry "SLO"]
[SourceTitle "CBM 144 Extra"]
[Source "ChessBase"]
[SourceDate "2011.10.28"]
[SourceVersion "1"]
[SourceVersionDate "2011.10.28"]
[SourceQuality "1"]

1. e4 c5 2. Nf3 g6 3. d4 cxd4 4. Nxd4 Bg7 5. c4 Nc6 6. Be3 Nf6 7. Nc3 0-0 8. Be2 b6 9. 0-0 Bb7 10. f3 e6 11. Rc1 d5 12. cxd5 exd5 13. exd5 Nxd5 14. Nxd5 Qxd5 15. Nxc6 Bxc6 16. b3 Rfe8 17. Bd2 Rad8 18. Rc2 Bb5 19. Bxb5 Qxb5 20. Re1 Rxe1+ 21. Qxe1 Qd3 22. Qc1 Qe2 23. Qe1 Bd4+ 24. Kh1 Qxe1+ 25. Bxe1 Be5 26. Rd2 Re8 27. Bh4 f5 28. Rd8 Rxd8 29. Bxd8 Kf7 30. g4 Ke6 31. Kg2 fxg4 32. fxg4 Kd5 33. Kf3 a5 34. h3 h6 35. a3 0-1